Leader xxxxxxxxxx
001 __ PCLIS00041867
005 __ 20080811180049.0
008 __ chi
010 0_ |a9789861851464|b平裝|dNT$250
020 __ |atw|b96025836
050 __ |a001891339
100 __ |a20080514d2008 m y0chiy09 e
101 0_ |achi
102 __ |atw
105 __ |ay z 000yy
200 1_ |a超噓!日本妙事|e空中的人形醫生之日本見聞錄|f劉立群著
205 __ |a初版
210 __ |a臺北市|c高寶國際|d2008.02
215 0_ |a240面|c圖|d21公分
225 1_ |a新視野|v54
260 1_ |a2008
300 __ |a
517 1_ |a空中的人形醫生之日本見聞錄|zchi
606 __ |2csh|a散文
681 __ |a855|b8735|v2007年版
700 _1 |a劉|b立群|c(中國文學, 1981-)|4
702 __ |a|b|4
801 _0 |atw|bCIP|c20071227|gCCR
801 _1 |atw|bCIP|c20071227|gCCR
801 _2 |atw|b國圖|c20080808|gCCR
|